Scottish Football: Celtic or Rangers? (Players) - Statistics

General Stats
  • This quiz has been taken 97 times
  • The average score is 14 of 16
Answer Stats
Question Answer % Correct
Henrik Larsson Celtic
96%
Shunsuke Nakamura Celtic
96%
Neil Lennon Celtic
96%
James Tavernier Rangers
96%
Kenny Dalglish Celtic
91%
Jimmy Johnstone Celtic
91%
Ally McCoist Rangers
91%
Alfredo Morelos Rangers
91%
Fraser Forster Celtic
87%
Graeme Souness Rangers
87%
Barry Ferguson Rangers
87%
Allan McGregor Rangers
87%
Paul Gascoigne Rangers
87%
Jörg Albertz Rangers
78%
Packie Bonner Celtic
74%
Johan Mjällby Celtic
65%
No matching quizzes found
Score Distribution
Percent of People with Each Score
Percentile by Number Answered
Your Score History
You have not taken this quiz